Five Largest Islands of Indonesia - Statistics

General Stats
  • This quiz has been taken 39 times
  • The average score is 4 of 5
Answer Stats
Area Island % Correct
743,330 sq km Borneo
100%
126,700 sq km Java
96%
443,065 sq km Sumatra
88%
786,000 sq km New Guinea
79%
174,600 sq km Sulawesi
67%
No matching quizzes found
Score Distribution
Percent of People with Each Score
Percentile by Number Answered
Your Score History
You have not taken this quiz